15 Largest Cities in Malawi🇲🇼 - Statistics

General Stats
  • This quiz has been taken 16 times
  • The average score is 6 of 15
Answer Stats
Population City % Correct
646k Lilongwe
100%
584k Blantyre
78%
175k Mzuzu
56%
80k Zomba
56%
18k Balaka
33%
42k Kasungu
33%
22k Liwonde
33%
40k Mangochi
33%
24k Nkhotakota
33%
30k Salima
33%
34k Karonga
22%
21k Nsanje
22%
20k Rumphi
22%
18k Mchinji
11%
19k Mzimba
11%
No matching quizzes found
Score Distribution
Percent of People with Each Score
Percentile by Number Answered
Your Score History
You have not taken this quiz